LEADER 01358nam a2200313 u 4500 001 000000076544 003 CaOOAMICUS 005 20070226123225.0 008 031205s2001 fr u000 u fre u 020 $a2711615154 035 $a10978547 040 $aPUL$bita 041 1 $afre$hlat 100 0 $aIohannes de Rupella,$cO.F.M.,$dc. 1200-1245.$0(OLS)http://pul/name/15013 240 10$aSumma de anima$9(Iohannes de Rupella, O.F.M., c. 1200-1245).$lFrancese.$0(OLS)http://pul/title/100392 245 10$aSomme de l'âme /$cJean de la Rochelle ; avant-propos de Louis-J. Bataillon ; introduction, traduction et notes par Jean-MArie Vernier. 260 $aParis :$bVrin,$c2001. 300 $a257 p. ;$c22 cm 490 1 $aBibliothèque des textes philosophiques 500 $aComprende indice. 504 $aBibliografia: p. [249].251. 700 1 $aVernier, Jean-Marie.$0(OLS)http://pul/name/50934 830 0$aBibliothèque des textes philosophiques.$0(OLS)http://pul/title/6498 850 $aPUL 852 $aPUL$W1$xDP1 Religione 1$y20$m481 C 68$j98327$nBK-PRI$b $qStampati$B98327$CPULBib$Z2$F98327 $HPUL92005 $81 941 1 $a8 996 $6020$a2711615154$9(OLS)http://pul/number/100279 996 $6245$aSomme de l'âme$9(OLS)http://pul/title/100393 996 $6260$aParis :$bVrin$9(OLS)http://pul/publisher/50780 LEADER 01515nam a2200301 a 4500 001 000000152259 003 CaOOAMICUS 005 20160613113423.0 006 a 000 u 008 160613s2016 it u000 u ita r 032 $aLibriCat 040 $aPUL$bita 100 1 $aGoffredo, Giuseppe.$0(OLS)http://pul/name/96923 245 13$aIl collegio dei consultori: genesi, costituzione e competenze (can. 502):$bProspettive giuridiche e pastorali nella Chiesa post-codiciale /$cGiuseppe Goffredo. 260 $aRoma :$b[s.n.],$c2016. 300 $a100 p.;$c24 cm 500 $aIn testa al front: Pontificia Universitas Lateranensis. Facultas Iuris Canonici. 502 $aEstratto da Tesi-- Pontificia Universitas Lateranensis--Facoltà di Diritto Canonico, 2016. 504 $aBibliografia: p. [89]-97. 650 4$aBeni ecclesiastici$xAmministrazione.$0(OLS)http://pul/subject/20157 650 4$aEcclesiologia$ySec. XX.$0(OLS)http://pul/subject/18902 710 2 $aPontificia Università Lateranense.$bFacoltà di diritto canonico.$kTesi.$0(OLS)http://pul/name/81682 850 $aPUL 852 $aPUL$W1$xDP1 Tesi Pon Univ. Lateranense$y41$m2016 C 14$j175015$qTesi$B177570$CPULBib$Z2$F177570 $82 941 1 $a16 996 $6245$aIl collegio dei consultori: genesi, costituzione e competenze (can. 502):$bProspettive giuridiche e pastorali nella Chiesa post-codiciale$9(OLS)http://pul/title/191657 996 $6260$aRoma :$b[s.n.]$9(OLS)http://pul/publisher/47958